00608cam a22001932 4500001001100000005001700011008004100028020001700069040001500086100003200101245011200133250001200245260003000257300001700287650003700304650003300341700003700374852000300411000001985620151217155227.0110222s xx 000 0 eng d a0132144988 : aKABUcKABU1 aElmasri, Ramez.@000014841010aDatabase systems :bmodels, languages, design, and application programming /cNavathe, Shamkant B. Navathe. a6th ed. aBoston :bPearson,c2011. axxv, 1155 p. 0aDatabase management.@0000148184 0aDatabase design.@00001484411 aNavathe, Shamkant B.@00001484111